Návrh nakladacieho zariadenia rezacieho stroja pre veľké hrúbky plechu

Saved in:
Bibliographic Details
Main Author: Ščasný, Martin (Author)
Other Authors: Čačko, Viliam (Thesis advisor)
Format: Manuscript Book
Language:Slovak
Published: 2025
Subjects:
Online Access:http://is.stuba.sk/zp/portal_zp.pl?podrobnosti=184904
Tags: Add Tag
No Tags, Be the first to tag this record!

MARC

LEADER 00000ntm a22000003a 4500
001 stuzp106353
003 SK-STU
005 20250621210709.5
007 ta
008 150427s2015----xo-----f-mn---000-0-slo-d
040 |a STU  |b slo 
041 0 |a slo 
100 1 |a Ščasný, Martin  |u 020070  |4 aut  |U SjF Strojnícka fakulta  |T SjF Ústav výrobného inžinierstva a kvality produkcie  |X 128258  |U J0070  |Y 804  |7 128258 
242 0 1 |a Design of the loading device of the cutting machine for large sheet thicknesses  |y eng 
245 1 0 |a Návrh nakladacieho zariadenia rezacieho stroja pre veľké hrúbky plechu 
260 |c 2025 
650 4 |a konštrukčný návrh  |2 slo 
650 4 |a priemyselná automatizácia  |2 slo 
650 4 |a manipulácia s materiálom  |2 slo 
650 4 |a Automatizácia  |2 slo 
650 4 |a nakladací stroj  |2 slo 
650 4 |a lexibilná výroba automatizovaná linka  |2 slo 
650 4 |a flexible manufacturing  |2 eng 
650 4 |a industrial automation  |2 eng 
650 4 |a Automation  |2 eng 
650 4 |a material handling  |2 eng 
650 4 |a automated line  |2 eng 
650 4 |a loading machine  |2 eng 
700 1 |a Čačko, Viliam  |u 020070  |k Z1  |4 ths  |U SjF Strojnícka fakulta  |T SjF Ústav výrobného inžinierstva a kvality produkcie  |X 14123  |U J0070  |Y 804  |7 A000014123 
856 4 |u http://is.stuba.sk/zp/portal_zp.pl?podrobnosti=184904